[Event "Niedersachsen-ch B"]
[Site "Verden"]
[Date "2010.01.03"]
[Round "1.7"]
[White "Schuette, Marc"]
[Black "Wolf, Fritjof"]
[Result "1/2-1/2"]
[WhiteElo "2242"]
[BlackElo "1909"]
[PlyCount "37"]
[EventDate "2010.01.??"]
[EventType "swiss"]
[EventRounds "7"]
[EventCountry "GER"]
[SourceDate "2005.10.24"]

1. e4 c6 2. c4 d5 3. exd5 cxd5 4. cxd5 Qxd5 5. Nc3 Qa5 6. Bc4 Nf6 7. Nf3 Nc6 8.
d4 e6 9. a3 Be7 10. O-O O-O 11. Qe2 Rd8 12. Rd1 a6 13. Bg5 Nxd4 14. Nxd4 Qxg5
15. Nf3 Rxd1+ 16. Rxd1 Qh5 17. Qe3 b5 18. Qb6 Bd7 19. Qb7 1/2-1/2

[Event "Niedersachsen-ch B"]
[Site "Verden"]
[Date "2010.01.03"]
[Round "1.8"]
[White "Eickhoff, Hermann"]
[Black "Kaphle, Stephan"]
[Result "0-1"]
[WhiteElo "2030"]
[BlackElo "2175"]
[PlyCount "96"]
[EventDate "2010.01.??"]
[EventType "swiss"]
[EventRounds "7"]
[EventCountry "GER"]
[SourceDate "2005.10.24"]

1. c4 Nf6 2. Nc3 c5 3. g3 g6 4. Bg2 Bg7 5. Nf3 d5 6. cxd5 Nxd5 7. O-O O-O 8.
Qb3 Nb4 9. a3 Be6 10. Qd1 Nd5 11. Ng5 Nxc3 12. bxc3 Bd5 13. Nf3 Nc6 14. Qc2 b5
15. d3 b4 16. Bb2 b3 17. Qd2 Rb8 18. e4 Be6 19. Ng5 Bc4 20. Rfd1 h6 21. Nf3 Ba6
22. Qe3 Qb6 23. Rab1 Rfd8 24. e5 c4 25. d4 Bc8 26. Nd2 Na5 27. Qe2 Bf5 28. Be4
Bxe4 29. Nxe4 Rd5 30. Qf3 Qc6 31. h4 Nb7 32. Qe2 Nd8 33. f4 Ne6 34. h5 Nf8 35.
Rf1 Rc8 36. f5 Bxe5 37. dxe5 Rxe5 38. Rbe1 gxf5 39. Rxf5 Rxf5 40. Qg4+ Rg5 41.
Nxg5 Qc5+ 42. Kg2 hxg5 43. Bc1 Ne6 44. h6 Qd5+ 45. Kh3 Rc6 46. Rd1 Qe4 47. Bf4
Nxf4+ 48. gxf4 Rxh6+ 0-1

[Event "Niedersachsen-ch B"]
[Site "Verden"]
[Date "2010.01.03"]
[Round "1.9"]
[White "Andre, Wolfgang"]
[Black "Thumulka, Patrick"]
[Result "1/2-1/2"]
[WhiteElo "2208"]
[BlackElo "1892"]
[PlyCount "133"]
[EventDate "2010.01.??"]
[EventType "swiss"]
[EventRounds "7"]
[EventCountry "GER"]
[SourceDate "2005.10.24"]

1. e4 e6 2. d4 d5 3. Nd2 Nf6 4. e5 Nfd7 5. Bd3 c5 6. c3 Nc6 7. Ngf3 cxd4 8.
cxd4 f6 9. exf6 Nxf6 10. O-O Bd6 11. Re1 O-O 12. Nf1 Bd7 13. a3 Rc8 14. Bg5 Qb6
15. b4 h6 16. Bh4 Nh5 17. b5 Na5 18. Ne5 Bxe5 19. Qxh5 Bxd4 20. Qg6 e5 21. Qh7+
Kf7 22. Ne3 Rh8 23. Nxd5 Rxh7 24. Nxb6 axb6 25. Bxh7 Bxa1 26. Rxa1 g6 27. f4
Kg7 28. Rd1 Bxb5 29. Bxg6 Kxg6 30. Rd6+ Kf5 31. fxe5 Rc6 32. Rd1 Kxe5 33. Bg3+
Ke4 34. Bf2 Nb3 35. Re1+ Kd3 36. g4 Rc1 37. Rxc1 Nxc1 38. Bxb6 Ke4 39. Kf2 Nd3+
40. Kg3 Ne5 41. Bc5 Nf7 42. Bf8 Bd3 43. Kh4 Kf4 44. Bb4 Bg6 45. Bd2+ Ke5 46.
Kg3 b5 47. h4 Bc2 48. Bb4 Kf6 49. Kf4 Kg7 50. Be7 Bd1 51. Bb4 Nd8 52. Bc3+ Kh7
53. Kf5 Nc6 54. Kf4 Ne7 55. Bd4 Nd5+ 56. Ke4 Nc7 57. Be5 Ne6 58. Kf5 Ng7+ 59.
Kf4 Bc2 60. Bc3 Ne6+ 61. Ke5 Nc5 62. Kf4 Na4 63. Bd4 Bd1 64. Kf5 h5 65. g5 Bc2+
66. Kf6 Bd3 67. Kf7 1/2-1/2

[Event "Niedersachsen-ch B"]
[Site "Verden"]
[Date "2010.01.03"]
[Round "1.10"]
[White "Meyer, Irmin"]
[Black "Holloway, Timo"]
[Result "0-1"]
[WhiteElo "2004"]
[BlackElo "2122"]
[PlyCount "122"]
[EventDate "2010.01.??"]
[EventType "swiss"]
[EventRounds "7"]
[EventCountry "GER"]
[SourceDate "2005.10.24"]

1. e4 c5 2. c3 Nf6 3. e5 Nd5 4. d4 cxd4 5. Nf3 e6 6. cxd4 d6 7. Nc3 Nxc3 8.
bxc3 Qc7 9. Bd2 Nd7 10. exd6 Bxd6 11. Bd3 b6 12. Be4 Bb7 13. Bxb7 Qxb7 14. Qe2
O-O 15. O-O Rac8 16. Rfc1 Rc7 17. a4 Rfc8 18. Qb5 Rc4 19. Qb3 Qd5 20. Qc2 Nf6
21. Qb2 Ne4 22. Be1 Qh5 23. h3 Bf4 24. Bd2 Nxd2 25. Nxd2 R4c6 26. Ra3 Qa5 27.
g3 Bd6 28. Rb3 R6c7 29. Rb5 Rxc3 30. Rxa5 Rxc1+ 31. Kg2 bxa5 32. Qb7 Bb4 33.
Ne4 R1c7 34. Qa6 h6 35. g4 Rd8 36. Qb5 Rcd7 37. Nc5 Rxd4 38. Nb3 R4d5 39. Qa6
R8d7 40. Qc8+ Kh7 41. Qc2+ g6 42. Qc8 Kg7 43. Qc2 h5 44. Qb2+ Kh7 45. Qc2 hxg4
46. hxg4 Rd3 47. Qb2 R7d5 48. Nc1 Ba3 49. Qf6 Bxc1 50. Qxf7+ Kh6 51. Qf8+ Kg5
52. Qe7+ Kxg4 53. Qxe6+ Kh5 54. Qe2+ Kh6 55. Qe8 Bd2 56. Qf8+ Kh5 57. Qh8+ Bh6
58. Qe8 Rg5+ 59. Kf1 Rd1+ 60. Ke2 Rd2+ 61. Kf1 Rf5 0-1

[Event "Niedersachsen-ch B"]
[Site "Verden"]
[Date "2010.01.03"]
[Round "1.11"]
[White "Wittfoth, Kai Uve"]
[Black "Zotin, Vladimir"]
[Result "1-0"]
[WhiteElo "2156"]
[BlackElo "2015"]
[PlyCount "99"]
[EventDate "2010.01.??"]
[EventType "swiss"]
[EventRounds "7"]
[EventCountry "GER"]
[SourceDate "2005.10.24"]

1. d4 Nf6 2. c4 e6 3. Nc3 Bb4 4. Bd2 O-O 5. Qc2 b6 6. Rd1 Bb7 7. f3 d6 8. e3
Nbd7 9. Nge2 Qe7 10. a3 Bxc3 11. Nxc3 Nh5 12. Bd3 Qh4+ 13. Ke2 g6 14. Rdf1 c5
15. g4 Ng7 16. d5 Ne5 17. e4 Qh3 18. Rf2 Nxf3 19. Be3 Nd4+ 20. Bxd4 cxd4 21.
Nb5 exd5 22. cxd5 Qe3+ 23. Kd1 Rac8 24. Qd2 Qh3 25. Rg1 Ba6 26. Rg3 Qh4 27.
Nxd6 Rcd8 28. Nxf7 Rxf7 29. Rxf7 Kxf7 30. Bxa6 Qf6 31. Rg2 Qe5 32. Rf2+ Kg8 33.
Qf4 Qxf4 34. Rxf4 Ne8 35. Kd2 g5 36. Rf5 h6 37. Kd3 Kg7 38. Kxd4 Nc7 39. Bc4
Ne6+ 40. Ke3 Nf4 41. h3 Nxh3 42. e5 Nf4 43. e6 Ng6 44. Rf7+ Kg8 45. Kd4 Rf8 46.
Rxf8+ Kxf8 47. d6 Ke8 48. Bd3 Nf4 49. Bb5+ Kd8 50. e7+ 1-0

[Event "Niedersachsen-ch B"]
[Site "Verden"]
[Date "2010.01.03"]
[Round "1.12"]
[White "Kimmich, Bernd"]
[Black "Kiesel, Harald"]
[Result "0-1"]
[WhiteElo "1928"]
[BlackElo "2165"]
[PlyCount "50"]
[EventDate "2010.01.??"]
[EventType "swiss"]
[EventRounds "7"]
[EventCountry "GER"]
[SourceDate "2005.10.24"]

1. d4 Nf6 2. Nf3 e6 3. c4 b6 4. g3 Ba6 5. b3 Bb4+ 6. Nbd2 Bb7 7. Bg2 Bc3 8. Rb1
Bxd4 9. O-O Bc5 10. b4 Be7 11. c5 O-O 12. Qc2 d6 13. Ba3 dxc5 14. bxc5 Bc6 15.
Rfc1 h6 16. cxb6 Bxa3 17. bxc7 Qxc7 18. Rxb8 Qxb8 19. Qxc6 Bxc1 20. Qxc1 Qb6
21. Ne5 Rac8 22. Qa3 Qc5 23. Qxc5 Rxc5 24. Nc6 Rc2 25. Ne4 Rc1+ 0-1

[Event "Niedersachsen-ch B"]
[Site "Verden"]
[Date "2010.01.03"]
[Round "1.13"]
[White "Struessmann, Frank"]
[Black "Tennert, Simon"]
[Result "1-0"]
[WhiteElo "2276"]
[BlackElo "1993"]
[PlyCount "83"]
[EventDate "2010.01.??"]
[EventType "swiss"]
[EventRounds "7"]
[EventCountry "GER"]
[SourceDate "2005.10.24"]

1. Nf3 Nf6 2. d4 e6 3. Bf4 c5 4. e3 Qb6 5. Qc1 Nc6 6. c3 d5 7. Nbd2 Bd7 8. Bd3
Be7 9. O-O O-O 10. Qb1 cxd4 11. exd4 h6 12. h3 Rac8 13. Re1 Nh5 14. Bh2 f5 15.
Ne5 Nxe5 16. Bxe5 Nf6 17. Bxf6 Bxf6 18. Nf3 Qd6 19. a4 a6 20. a5 Rc7 21. Qc1
Rfc8 22. Qd2 Be8 23. Ne5 Bb5 24. Bxb5 axb5 25. Nd3 Kf7 26. Ra3 Ra8 {(=)} 27.
Raa1 Rac8 28. f4 Ra8 29. g3 g5 30. Qe2 Rg8 31. Kh1 g4 32. h4 Qe7 33. Qf2 Bxh4
34. Kg2 Bf6 35. Nc5 Rc6 36. b4 Rg6 {(=)} 37. Qe2 h5 38. Qxb5 h4 39. a6 Rxa6 40.
Nxa6 bxa6 41. Rxa6 Rh6 42. Qb6 1-0

[Event "Niedersachsen-ch B"]
[Site "Verden"]
[Date "2010.01.03"]
[Round "1.14"]
[White "Hartogh, Tim"]
[Black "Vetter, Torsten"]
[Result "1-0"]
[WhiteElo "1862"]
[BlackElo "2039"]
[PlyCount "72"]
[EventDate "2010.01.??"]
[EventType "swiss"]
[EventRounds "7"]
[EventCountry "GER"]
[SourceDate "2005.10.24"]

1. d4 e6 2. Nf3 d5 3. c4 Be7 4. Nc3 f5 5. e3 Nf6 6. Bd3 O-O 7. Bd2 c6 8. Qe2
Ne4 9. Ne5 Nd7 10. f4 Nxe5 11. fxe5 b6 12. cxd5 exd5 13. O-O Be6 14. Nxe4 fxe4
15. Rxf8+ Bxf8 16. Bc2 Qd7 17. Rc1 c5 18. Bb3 c4 19. Bc2 Be7 20. Qe1 a5 21. a3
Qa7 22. a4 b5 23. axb5 Qb6 24. Ba4 Bd7 25. Qg3 Rf8 26. Rf1 Rxf1+ 27. Kxf1 Bxb5
28. Bxb5 Qxb5 29. Bc3 Bb4 30. e6 Bxc3 31. Qd6 h6 32. e7 Kf7 33. Qd8 Qe8 34.
bxc3 Qxe7 35. Qxd5+ Kg6 36. Qxa5 Qh4 {Möglicherweise Zeit} 1-0

[Event "Niedersachsen-ch B"]
[Site "Verden"]
[Date "2010.01.03"]
[Round "1.15"]
[White "Stotyn, Fabian"]
[Black "Modder, Frank"]
[Result "0-1"]
[WhiteElo "2052"]
[BlackElo "1924"]
[PlyCount "68"]
[EventDate "2010.01.??"]
[EventType "swiss"]
[EventRounds "7"]
[EventCountry "GER"]
[SourceDate "2005.10.24"]

1. e4 e6 2. d4 d5 3. Nd2 Nf6 4. e5 Nfd7 5. Bd3 c5 6. c3 Nc6 7. Ne2 cxd4 8. cxd4
f6 9. Nf4 Qe7 10. Qh5+ Qf7 11. Qxf7+ Kxf7 12. exf6 Nxf6 13. Nf3 Bd6 14. O-O Re8
15. Re1 Bd7 16. Bd2 Kg8 17. Bc3 Bxf4 18. g3 Bd6 19. Re2 Nb4 20. Bxb4 Bxb4 21.
a3 Bd6 22. Rae1 Rac8 23. Ng5 Re7 24. f4 Rce8 25. Kg2 h6 26. Nf3 Kf7 27. Nh4 Ne4
28. Re3 Rc8 29. Kg1 Bc6 30. f5 e5 31. Ng6 Ree8 32. Rxe4 dxe4 33. Bc4+ Kf6 34.
Be6 Rxe6 0-1

[Event "Niedersachsen-ch B"]
[Site "Verden"]
[Date "2010.01.03"]
[Round "1.16"]
[White "Koch, Carsten"]
[Black "Pautz, Peter"]
[Result "1/2-1/2"]
[WhiteElo "1837"]
[BlackElo "2026"]
[PlyCount "88"]
[EventDate "2010.01.??"]
[EventType "swiss"]
[EventRounds "7"]
[EventCountry "GER"]
[SourceDate "2005.10.24"]

1. d4 e6 2. c4 Nf6 3. g3 Bb4+ 4. Bd2 Be7 5. Bg2 d5 6. Nf3 c6 7. Qc2 O-O 8. O-O
b6 9. Bf4 Ba6 10. b3 Nbd7 11. Nbd2 b5 12. Rfd1 bxc4 13. bxc4 Qa5 14. Nb3 Qa4
15. c5 Bc4 16. Bf1 Ne4 17. Rdc1 Rfe8 18. Nbd2 Qxc2 19. Rxc2 Nxd2 20. Nxd2 Ba6
21. e4 Bxf1 22. Kxf1 f5 23. exd5 exd5 24. Nf3 Bf6 25. Re1 Re4 26. Rd1 Rae8 27.
Rdd2 h6 28. h4 Nf8 29. Be5 Nd7 30. Bxf6 gxf6 31. Rb2 f4 32. Rb7 Nf8 33. Rxa7
fxg3 34. fxg3 Ne6 35. Ra6 Rc8 36. a4 f5 37. a5 f4 38. g4 Re3 39. Ne5 Nxd4 40.
Rxd4 Rxe5 41. Rxf4 d4 42. Rxd4 Rf8+ 43. Kg2 Re2+ 44. Kg3 Re3+ 1/2-1/2

[Event "Niedersachsen-ch B"]
[Site "Verden"]
[Date "2010.01.03"]
[Round "1.18"]
[White "Eickelkamp, Jan Hendrik"]
[Black "Lossin, Sven Hendrik"]
[Result "0-1"]
[WhiteElo "1928"]
[BlackElo "2067"]
[PlyCount "170"]
[EventDate "2010.01.??"]
[EventType "swiss"]
[EventRounds "7"]
[EventCountry "GER"]
[SourceDate "2005.10.24"]

1. e4 g6 2. d4 Bg7 3. c4 d6 4. f4 Nd7 5. Nf3 c6 6. Nc3 e5 7. fxe5 dxe5 8. d5
Qb6 9. Na4 Qb4+ 10. Bd2 Qe7 11. b4 Ngf6 12. dxc6 bxc6 13. Bd3 O-O 14. c5 Rd8
15. Qe2 Nf8 16. Nb2 Nh5 17. Nc4 Bg4 18. O-O Ne6 19. Qe3 Bxf3 20. Rxf3 Nd4 21.
Rf2 Nf4 22. Nd6 Bh6 23. Qg3 Rxd6 24. cxd6 Qxd6 25. Bc3 Rd8 26. Bc4 Qe7 27. Qg4
Bg7 28. Raf1 h5 29. Qg3 a5 30. a3 Bf6 31. Qe3 Bg5 32. Bxd4 Rxd4 33. Qb3 axb4
34. axb4 Kg7 35. Kh1 Rxe4 36. g3 h4 37. gxf4 Bxf4 38. b5 cxb5 39. Qxb5 Rd4 40.
Bd5 Rb4 41. Qc6 Qg5 42. Ra2 Qe7 43. Qc8 Qd6 44. Bg2 Rb8 45. Qc6 Qd3 46. Qc7 h3
47. Bxh3 Qxh3 48. Qc4 Rc8 49. Qe2 Bxh2 50. Qf3 Qxf3+ 51. Rxf3 Bf4 52. Ra7 g5
53. Rb3 Kg6 54. Rbb7 Rf8 55. Kg2 g4 56. Ra6+ f6 57. Raa7 Rh8 58. Rg7+ Kf5 59.
Rgf7 Rh2+ 60. Kf1 Rb2 61. Rad7 g3 62. Rg7 Bg5 63. Rd3 g2+ 64. Kg1 Ke4 65. Rxg5
fxg5 66. Rg3 Kf4 67. Ra3 e4 68. Rg3 Rb1+ (68... Kxg3 $4 {patt.}) 69. Kxg2 Rb2+
(69... Rg1+ {ist bedeutend einfacher.}) 70. Kh3 Rf2 71. Rg4+ Kf5 72. Rg1 Rf3+
73. Kg2 Kf4 74. Rb1 Ra3 75. Rf1+ Kg4 76. Rf2 Rg3+ 77. Kh2 e3 78. Re2 Kf4 79.
Re1 Rf3 80. Ra1 Rf2+ 81. Kg1 g4 82. Ra4+ Kf3 83. Ra3 Rb2 84. Ra6 Rb1+ 85. Kh2
g3+ 0-1

[Event "Niedersachsen-ch B"]
[Site "Verden"]
[Date "2010.01.03"]
[Round "1.19"]
[White "Niehaus, Stephan"]
[Black "Rux, Roland"]
[Result "1-0"]
[WhiteElo "2108"]
[BlackElo "1828"]
[PlyCount "63"]
[EventDate "2010.01.??"]
[EventType "swiss"]
[EventRounds "7"]
[EventCountry "GER"]
[SourceDate "2005.10.24"]

1. d4 Nf6 2. Bf4 g6 3. e3 Bg7 4. Nf3 c5 5. c3 cxd4 6. exd4 O-O 7. Be2 d6 8. h3
Nbd7 9. O-O Nd5 10. Bh2 Bh6 11. Re1 N7f6 {
Sdf6 enthält keine verwertbaren Informationen.} 12. Nbd2 b6 13. a4 Bb7 14. a5
bxa5 15. Nc4 a4 16. Rxa4 Bc6 17. Ra2 Nf4 18. Bf1 Bd5 19. Ra3 Qc7 20. Ne3 Be6
21. c4 Qd7 22. d5 Nxh3+ 23. gxh3 Bxh3 24. Bxh3 Qxh3 25. Nd4 Bxe3 26. Raxe3 Qh4
27. Rxe7 Ng4 28. Bg3 Qh3 29. Qf3 Rad8 30. Qh1 Nxf2 31. Kxf2 Qg4 32. Qh4 1-0

[Event "Niedersachsen-ch B"]
[Site "Verden"]
[Date "2010.01.03"]
[Round "1.20"]
[White "Zucker, Stefan"]
[Black "Brunotte, Peter"]
[Result "0-1"]
[WhiteElo "2015"]
[BlackElo "1991"]
[PlyCount "84"]
[EventDate "2010.01.??"]
[EventType "swiss"]
[EventRounds "7"]
[EventCountry "GER"]
[SourceDate "2005.10.24"]

1. e4 c6 2. d4 d5 3. e5 Bf5 4. Nc3 e6 5. Nge2 c5 6. Be3 Qb6 7. dxc5 Bxc5 8. Nd4
Ne7 9. Bb5+ Nbc6 10. Na4 Qa5+ 11. Bd2 Qc7 12. Nxc5 Qxe5+ 13. Be3 a6 14. Bxc6+
Nxc6 15. O-O Nxd4 16. Bxd4 Qc7 17. Rc1 O-O 18. Nd3 f6 19. f4 Qc4 20. Bf2 Qxa2
21. b3 Rac8 22. g4 Bxd3 23. Qxd3 Qa5 24. c3 Rc6 25. b4 Qc7 26. Bc5 Rd8 27. Rce1
a5 28. g5 axb4 29. Bxb4 f5 30. Re5 Qb6+ 31. Kg2 Ra8 32. h4 Ra2+ 33. Kg3 Qa6 34.
Qxa6 bxa6 35. h5 a5 36. g6 axb4 37. cxb4 Ra3+ 38. Rf3 Rxf3+ 39. Kxf3 hxg6 40.
hxg6 Kf8 41. Ke3 Ke7 42. Kd3 Rc4 0-1

[Event "Niedersachsen-ch B"]
[Site "Verden"]
[Date "2010.01.03"]
[Round "1.21"]
[White "Langenfeld, Olaf"]
[Black "Woellermann, Ludger"]
[Result "1-0"]
[WhiteElo "1992"]
[BlackElo "1820"]
[PlyCount "81"]
[EventDate "2010.01.??"]
[EventType "swiss"]
[EventRounds "7"]
[EventCountry "GER"]
[SourceDate "2005.10.24"]

1. d4 Nf6 2. Nf3 e6 3. e3 b6 4. Bd3 Bb7 5. Nbd2 Be7 6. O-O O-O 7. c3 c5 8. Qe2
Nc6 9. dxc5 bxc5 10. e4 d6 11. Rd1 Qc7 12. Nf1 Nd7 13. Bf4 Nce5 14. Nxe5 Nxe5
15. Bc2 Rfd8 16. Ng3 Ng6 17. Qg4 Nxf4 18. Qxf4 g6 19. Rd3 c4 20. Rf3 Bf8 21.
Nh5 Bg7 22. Nxg7 Kxg7 23. Qf6+ Kg8 24. Rh3 Rd7 25. Re1 Qd8 26. Qf4 e5 27. Qh6
f6 28. Ba4 Rc7 29. b3 Qf8 30. Qh4 d5 31. exd5 Bxd5 32. bxc4 Bxc4 33. Bc6 Be6
34. Bxa8 Qxa8 35. Rd3 Kg7 36. Qb4 Bxa2 37. Red1 Qf8 38. Qa5 Qf7 39. Qxc7 Qxc7
40. Rd7+ Qxd7 41. Rxd7+ 1-0

[Event "Niedersachsen-ch B"]
[Site "Verden"]
[Date "2010.01.03"]
[Round "1.23"]
[White "Hagemann, Sven"]
[Black "Pundt, Wilfried"]
[Result "1-0"]
[WhiteElo "2019"]
[BlackElo "1934"]
[PlyCount "47"]
[EventDate "2010.01.??"]
[EventType "swiss"]
[EventRounds "7"]
[EventCountry "GER"]
[SourceDate "2005.10.24"]

1. e4 e5 2. Nf3 Nc6 3. Bc4 Nf6 4. Ng5 Bc5 5. Bxf7+ Ke7 6. Bd5 Rf8 7. O-O d6 8.
h3 Qe8 9. c3 h6 10. Nf3 Qh5 11. d4 Bb6 12. a4 a6 13. Nbd2 g5 14. Bxc6 bxc6 15.
dxe5 dxe5 16. Nxe5 Bxf2+ 17. Kh1 g4 18. Nxc6+ Kd6 19. Rxf2 Kxc6 20. Nb3 Bd7 21.
Rf5 Bxf5 22. Na5+ Kb6 23. Qd4+ c5 24. Qd6+ 1-0

[Event "Niedersachsen-ch B"]
[Site "Verden"]
[Date "2010.01.03"]
[Round "1.24"]
[White "Moeller, Christian"]
[Black "Raum, Sebastian"]
[Result "1/2-1/2"]
[WhiteElo "1813"]
[BlackElo "1910"]
[PlyCount "39"]
[EventDate "2010.01.??"]
[EventType "swiss"]
[EventRounds "7"]
[EventCountry "GER"]
[SourceDate "2005.10.24"]

1. e4 c5 2. Nf3 d6 3. d4 cxd4 4. Nxd4 Nf6 5. Nc3 a6 6. Bg5 e6 7. f4 Nbd7 8. Qf3
Qc7 9. O-O-O b5 10. Bxf6 Nxf6 11. e5 Bb7 12. Qg3 Ne4 13. Nxe4 {(=)} Bxe4 14.
Bd3 Bxd3 15. Rxd3 g6 16. Rhd1 dxe5 17. fxe5 Be7 18. Rc3 Qb7 19. Nc6 O-O 20.
Nxe7+ 1/2-1/2

[Event "Niedersachsen-ch B"]
[Site "Verden"]
[Date "2010.01.03"]
[Round "1.25"]
[White "Jung, Gerald"]
[Black "Gruender, Michael"]
[Result "0-1"]
[WhiteElo "2048"]
[BlackElo "1980"]
[PlyCount "60"]
[EventDate "2010.01.??"]
[EventType "swiss"]
[EventRounds "7"]
[EventCountry "GER"]
[SourceDate "2005.10.24"]

1. e4 c5 2. Nf3 Nc6 3. d4 cxd4 4. Nxd4 Qb6 5. Nb3 Nf6 6. Nc3 e6 7. Be3 Qc7 8.
a3 a6 9. f4 d6 10. g4 b5 11. g5 Nd7 12. Bg2 Bb7 13. Qd2 Nb6 14. Qf2 Nc4 15. Nd1
Be7 16. Nd2 Nxe3 17. Nxe3 h6 18. g6 fxg6 19. Bh3 Nd4 20. Qg3 Bxe4 21. Nxe4 Bh4
22. Qxh4 Nf3+ 23. Kf2 Nxh4 24. Bxe6 Nf5 25. Rad1 Nxe3 26. Kxe3 Rd8 27. Rd5 Qe7
28. f5 gxf5 29. Bxf5 O-O 30. Rg1 Qa7+ 0-1

[Event "Niedersachsen-ch B"]
[Site "Verden"]
[Date "2010.01.03"]
[Round "1.26"]
[White "Aden, Dagmar"]
[Black "Schneider, Alexander2 (1942)"]
[Result "0-1"]
[WhiteElo "1810"]
[BlackElo "1953"]
[PlyCount "82"]
[EventDate "2010.01.??"]
[EventType "swiss"]
[EventRounds "7"]
[EventCountry "GER"]
[SourceDate "2005.10.24"]

1. e4 c5 2. c3 d5 3. exd5 Qxd5 4. d4 Nc6 5. Nf3 Bf5 6. Na3 cxd4 7. Nb5 O-O-O 8.
cxd4 e5 9. Nc3 Bb4 10. Bd2 Bxc3 11. bxc3 exd4 12. cxd4 Nf6 13. Be2 Nxd4 14.
Rc1+ Nc6 15. O-O Be4 16. Be3 Qxd1 17. Rfxd1 Rxd1+ 18. Bxd1 Kd7 19. Ng5 Bd5 20.
a3 h6 21. Nh3 g5 22. Ba4 Re8 23. Bxa7 Ra8 24. Bxc6+ bxc6 25. Bc5 Be6 26. Rc3
Ra4 27. Bb4 Nd5 28. Rd3 Ke8 29. f4 g4 30. Nf2 Nxb4 31. axb4 Rxb4 32. g3 h5 33.
Nd1 Ke7 34. Ne3 Rb1+ 35. Kg2 Rb2+ 36. Kg1 Re2 37. Rc3 Kd6 38. Rd3+ Bd5 39. Nc4+
Kc5 40. Ne3 Be4 41. Ra3 Kd4 0-1

[Event "Niedersachsen-ch B"]
[Site "Verden"]
[Date "2010.01.03"]
[Round "1.27"]
[White "Schaar, Andreas"]
[Black "Poelig, Juergen"]
[Result "1/2-1/2"]
[WhiteElo "1993"]
[BlackElo "1807"]
[PlyCount "88"]
[EventDate "2010.01.??"]
[EventType "swiss"]
[EventRounds "7"]
[EventCountry "GER"]
[SourceDate "2005.10.24"]

1. d4 e6 2. Nf3 d5 3. c4 c5 4. cxd5 exd5 5. g3 Nc6 6. Bg2 Nf6 7. O-O Be7 8. Nc3
O-O 9. Bg5 cxd4 10. Nxd4 h6 11. Bf4 Bg4 12. h3 Be6 13. Ncb5 Qd7 14. Nxe6 fxe6
15. e4 Rad8 16. e5 Nxe5 17. Qe2 Ng6 {(=)} 18. Nxa7 Nxf4 19. gxf4 Ne8 20. Rac1
Nc7 21. Rfe1 Bd6 22. f5 e5 23. Red1 e4 24. f3 exf3 25. Bxf3 Qxf5 26. Bg4 Qf4
27. Rc3 b6 28. Rf3 Qg5 29. Qg2 Rxf3 30. Bxf3 Qe3+ 31. Kh1 d4 32. Nc6 Rf8 33.
Nxd4 Bc5 34. Bd5+ Kh8 35. Nc2 Qe5 36. Bf3 Qxb2 {(=)} 37. Be4 Ne8 38. Qg6 Nf6
39. Bd3 Qxa2 40. Rf1 Qd5+ 41. Kh2 Bd6+ 42. Kg1 Bc5+ 43. Kh2 Bd6+ 44. Kg1 Bc5+
1/2-1/2

[Event "Niedersachsen-ch B"]
[Site "Verden"]
[Date "2010.01.03"]
[Round "1.28"]
[White "Langer, Michael S"]
[Black "Ehlert, Horst"]
[Result "1-0"]
[WhiteElo "1986"]
[BlackElo "2083"]
[PlyCount "67"]
[EventDate "2010.01.??"]
[EventType "swiss"]
[EventRounds "7"]
[EventCountry "GER"]
[SourceDate "2005.10.24"]

1. Nf3 d5 2. d4 Nf6 3. Bf4 e6 4. e3 Bd6 5. Ne5 O-O 6. Bd3 c5 7. c3 Qb6 8. Qc2
Nc6 9. Nxc6 Qxc6 10. dxc5 Bxf4 11. exf4 Qxc5 12. Nd2 Qd6 13. g3 e5 14. O-O-O
exf4 15. Bf5 b5 16. Ne4 Bxf5 17. Nxd6 Bxc2 18. Kxc2 Rab8 19. Nf5 Rfe8 20. gxf4
g6 21. Rhg1 Kf8 22. Nd4 b4 23. Nc6 Rb7 24. Nxb4 Re2+ 25. Rd2 Rxd2+ 26. Kxd2 a5
27. Nd3 Ne4+ 28. Kc2 f5 29. f3 Nf6 30. Re1 Kf7 31. Ne5+ Kf8 32. Rd1 Ke7 33.
Nc6+ Ke6 34. Nd8+ 1-0

[Event "Niedersachsen-ch B"]
[Site "Verden"]
[Date "2010.01.03"]
[Round "1.29"]
[White "Kaiser, Jonas"]
[Black "Kuenitz, Bernhard"]
[Result "0-1"]
[WhiteElo "1939"]
[BlackElo "1920"]
[PlyCount "104"]
[EventDate "2010.01.??"]
[EventType "swiss"]
[EventRounds "7"]
[EventCountry "GER"]
[SourceDate "2005.10.24"]

1. d4 d5 2. c4 c6 3. e3 g6 4. Nc3 Bg7 5. Nf3 Nf6 6. Bd3 O-O 7. O-O Re8 8. Qc2
Nbd7 9. cxd5 cxd5 10. Qb3 e5 11. dxe5 Nxe5 12. Nxe5 Rxe5 13. Rd1 b6 14. Be2 Bb7
15. Bf3 Rc8 16. Bd2 Qe7 17. Be1 Rd8 18. Rac1 Bh6 19. Nb5 a6 20. Rc7 Rd7 21. Bb4
Qd8 22. Rxd7 Qxd7 23. Bc3 Re6 24. Bxf6 Rxf6 25. Nc3 Rd6 26. Bxd5 Bxd5 27. Rxd5
Bg7 28. Rxd6 Qxd6 29. Qd5 Qb4 30. Qd8+ Bf8 31. Qd2 Bg7 32. g3 Qa5 33. a3 b5 34.
e4 Qc7 35. f4 Qc5+ 36. Kg2 Qc4 37. Qd5 Qc8 38. e5 h5 39. Qd2 Bf8 40. b4 Qc4 41.
Ne2 Qe4+ 42. Kg1 a5 43. Kf2 axb4 44. axb4 Bxb4 45. Qd8+ Bf8 46. Qd4 Qh1 47. h4
b4 48. Qc4 Qh2+ 49. Ke3 Qh3 50. Kf2 Kg7 51. Qd4 Qe6 52. Qb2 Kh7 {
Leider mußte vieles geraten werden, da auch nur ein Partieformular vorliegt.}
0-1

[Event "Niedersachsen-ch B"]
[Site "Verden"]
[Date "2010.01.03"]
[Round "1.30"]
[White "Duessler, Stefanie"]
[Black "Bart, Simon"]
[Result "1-0"]
[WhiteElo "1784"]
[BlackElo "1982"]
[PlyCount "65"]
[EventDate "2010.01.??"]
[EventType "swiss"]
[EventRounds "7"]
[EventCountry "GER"]
[SourceDate "2005.10.24"]

1. e4 c5 2. Nc3 Nc6 3. f4 e6 4. Bc4 d6 5. Nf3 Nf6 6. d3 Be7 7. O-O a6 8. a4 O-O
9. h3 d5 10. Bb3 Qb6 11. Kh1 Rd8 12. Qe1 Nd4 13. Nxd4 cxd4 14. Nd1 dxe4 15.
dxe4 Qc6 16. Nf2 b6 17. Qe2 Bb7 18. Re1 Rd7 19. Bd2 Rad8 20. Bc4 Nh5 21. Kg1
Ng3 22. Qd3 Bh4 23. b4 Rc7 24. Bb3 b5 25. axb5 axb5 26. Qf3 Kf8 27. Qg4 Nxe4
28. Qxh4 g5 29. Qh6+ Ke8 30. Nxe4 d3 31. c3 Rcd7 32. Qxg5 Kf8 33. Qc5+ 1-0

[Event "Niedersachsen-ch B"]
[Site "Verden"]
[Date "2010.01.03"]
[Round "1.31"]
[White "Davydov, Mihail"]
[Black "Celik, Abdullah"]
[Result "1-0"]
[WhiteElo "2061"]
[BlackElo "1793"]
[PlyCount "153"]
[EventDate "2010.01.??"]
[EventType "swiss"]
[EventRounds "7"]
[EventCountry "GER"]
[SourceDate "2005.10.24"]

1. e4 c5 2. Nf3 Nc6 3. Bb5 g6 4. c3 Bg7 5. d4 Qb6 6. Bxc6 dxc6 7. O-O Bg4 8.
dxc5 Qxc5 9. Nbd2 Rd8 10. Qe2 Nf6 11. h3 Be6 12. Nd4 Bc8 13. N2b3 Qb6 14. Be3
Qc7 15. f3 O-O 16. Qf2 b6 17. Rfd1 Nh5 18. Ne2 Ba6 19. Rd2 Bxe2 20. Qxe2 Be5
21. Rad1 Bh2+ 22. Kf2 Ng3 23. Qc4 c5 24. Nc1 Rxd2+ 25. Rxd2 Rd8 26. Rxd8+ Qxd8
27. Qd5 Qxd5 28. exd5 Nf5 29. Bd2 Bg3+ 30. Kf1 Kf8 31. Ne2 Ke8 32. c4 Kd7 33.
Nxg3 Nxg3+ 34. Kf2 Nf5 35. g4 Nd6 36. b3 b5 37. Be3 bxc4 38. bxc4 Nxc4 39. Bxc5
a6 40. Ke2 Nb2 41. Ke3 Na4 42. Bb4 Nb6 {(=)} 43. Kd4 Na8 44. Kc5 Nc7 45. Ba5 g5
46. a4 Ne8 47. Bc3 f6 48. Be1 Nc7 49. Bg3 Na8 50. f4 h6 51. Bh2 Nc7 52. Kd4 Ne8
53. Kc4 Nc7 54. Bg3 Na8 55. h4 Nc7 56. h5 Ne8 57. fxg5 fxg5 58. Be5 Nf6 59.
Bxf6 exf6 60. Kd4 a5 61. Ke4 Kd6 62. Kf5 Kxd5 63. Kxf6 Ke4 64. Kg6 Kf4 65. Kxh6
Kxg4 66. Kg6 Kf4 67. h6 g4 68. h7 g3 69. h8=Q Kf3 70. Qc3+ Kf2 71. Qxa5 g2 72.
Qd2+ Kf3 73. Qd4 Kg3 74. Qg1 Kh4 75. Qh2+ Kg4 76. Qxg2+ Kh4 77. Kf5 1-0